000 00612nam a2200193 u 4500
001 000650955
003 AM-YeHGA
005 20250617141204.0
008 090415s1962 ||| r 000 0 rus d
040 _aAM-YeHGA
041 0 _arus
245 0 0 _aЯссы /
_cПредисл. И. Истрати.
260 _aБухарест :
_bМеридианы,
_c1962.
300 _a32 с. :
_b[21] л. ил.
440 0 _aГорода и пейзажи Румынии
653 0 _aРумыния - Яссы - город - Путеводители
700 1 _aИстрати, И.
_eавт.
_4aui
090 _c235453
999 _c233893
_d233893